| 000 | 01309cab a2200289 4500 | ||
|---|---|---|---|
| 001 | ABS37597 | ||
| 008 | 090401t1987 xxu||||| |||| 00| 0 eng d | ||
| 035 | _a(Sirsi) u5457 | ||
| 041 | _aeng | ||
| 100 | _aChampion, T. | ||
| 245 | _aHousing, labour mobility and unemployment | ||
| 260 | _c1987 | ||
| 350 | _a0 | ||
| 490 |
_aPlanner _v73(4) April 1987, 11-17(6) |
||
| 520 | _aExamines the threat posed to labour mobility by problems in the housing market and the extent that policies designed to promote labour mobility and reduce housing shortages can contribute to reducing unemployment. This commences by examining the interaction between unemployment and migration and considers the policy initiatives which attempt to lower the barriers to migration. Concludes, that inflexibilities in the housing market form a major obstacle to labour mobility and that none of the three major categories of housing tenure offer a satisfactory solution to the problem. Tables, map, references. | ||
| 650 | _aHOME OWNERSHIP | ||
| 650 | _aHOUSING | ||
| 650 | _aJOB MOBILITY | ||
| 650 | _aLABOUR MIGRATION | ||
| 650 | _aNATIONAL MOBILITY SCHEME | ||
| 650 | _aTENANTS EXCHANGE SCHEME | ||
| 690 | _aECONOMIC AND SOCIAL | ||
| 700 | _aGreen, A. | ||
| 700 | _aOwen, D. | ||
| 942 | _n0 | ||
| 948 | _c04/03/1997 | ||
| 999 |
_c3247 _d3247 |
||